书目信息 |
| 题名: |
稀土农用与电分析化学
|
|
| 作者: | 高小霞 著 | |
| 分册: | ||
| 出版信息: | 北京 北京大学出版社 1997 |
|
| 页数: | 302页 | |
| 开本: | 22cm | |
| 丛书名: | 北京大学院士文库 | |
| 单 册: | ||
| 中图分类: | S132 | |
| 科图分类: | ||
| 主题词: | 稀土族-电化学分析 , 电化学分析-稀土族 , 稀土族-应用-农业 , 农业-稀土族-应用 , 农业化学 | |
| 电子资源: | ||
| ISBN: | 7-301-03311-7 | |
| 000 | 00889nam0 2200301 45 | |
| 001 | 0198007826 | |
| 005 | 20031219104115.9 | |
| 010 | @a7-301-03311-7@b精装@dCNY38.00 | |
| 100 | @a19980210d1997 kemy0chiy0121 ea | |
| 101 | 0 | @achi |
| 102 | @aCN@b110000 | |
| 105 | @af z 000yd | |
| 106 | @ar | |
| 200 | 10 | @a稀土农用与电分析化学@Axi tu nong yong yu dian fen xi hua xue@f高小霞著 |
| 210 | @a北京@c北京大学出版社@d1997 | |
| 215 | @a302页@c彩照@d22cm | |
| 225 | 2 | @a北京大学院士文库@h第二卷 |
| 300 | @a北京大学资源集团出版基金资助出版 献给北京大学校庆100周年 | |
| 410 | 0 | @120010@a北京大学院士文库 |
| 606 | @a稀土族-电化学分析 | |
| 606 | @a电化学分析-稀土族 | |
| 606 | @a稀土族-应用-农业 | |
| 606 | @a农业-稀土族-应用 | |
| 606 | 0 | @a农业化学 |
| 690 | @aS132@v4 | |
| 701 | 0 | @a高小霞@Agao xiao xia@4著 |
| 801 | @aCN@bTSTC@c20030922 | |
| 905 | @b326036-040@dS132@e27@f5 | |
| 稀土农用与电分析化学/高小霞著.-北京:北京大学出版社,1997 |
| 302页:彩照;22cm.-(北京大学院士文库.第二卷) |
| 北京大学资源集团出版基金资助出版 献给北京大学校庆100周年 |
| ISBN 7-301-03311-7(精装):CNY38.00 |
| ● |
| 相关链接 |
|
|
|
|
正题名:稀土农用与电分析化学
索取号:S132/27
 
预约/预借
| 序号 | 登录号 | 条形码 | 馆藏地/架位号 | 状态 | 备注 |
| 1 | 0326036 | 203260363 | 第三借阅区/ [索取号:S132/27] | 在馆 | |
| 2 | 0326037 | 203260372 | 第三借阅区/ [索取号:S132/27] | 在馆 | |
| 3 | 0326038 | 203260381 | 第三借阅区/ [索取号:S132/27] | 在馆 | |
| 4 | 0326039 | 203260390 | 第三借阅区/ [索取号:S132/27] | 在馆 | |
| 5 | 0326040 | 203260407 | 第二样本阅览室/ [索取号:S132/27] | 在馆 |